000
00300nam a22001337a 4500
008
171208b xxu||||| |||| 00| 0 eng d
020
_a
9780471310648
041
_a
eng
080
_a
621
100
_a
27
101
_a
MEK
245
_a
APPLIED MULTIVARIATE TECHNIQUES
_c
SHARMA, S
942
_2
udc
_c
BK
999
_c
38839
_d
38839